ბათუმის შოთა რუსთაველის სახელმწიფო უნივერსიტეტის ბიბლიოთეკა

კულტურული მემკვიდრეობის ისტორიული ძეგლები ოკუპირებულ აფხაზეთში : (ბიბ.ჩანაწერი № 63703)

000 -ლიდერი
ფიქსირებული სიგრძის საკონტროლო ველი 02257nam a22002897a 4500
003 - საკონტროლო ნომრის იდენტიფიკატორი
საკონტროლო ველი Ge_BSU
005 - ბოლო ოპერაციის თარიღი და დრო
საკონტროლო ველი 20251211203634.0
008 - ფიქსირებული სიგრძის მონაცემთა ელემენტები - ზოგადი ინფორმაცია
ფიქსირებული სიგრძის საკონტროლო ველი 251211s2023 ge ||||| |||| 00| 0 geo d
020 ## - წიგნის საერთაშორისო სტანდარტული ნომერი
International Standard Book Number 9789941980244
041 ## - ენის კოდი
Language code of text/sound track or separate title geo
080 ## - უნივერსალური ათობითი კლასიფიკაციის ინდექსი
Universal Decimal Classification number 726.5(479.224) მ-74
100 ## - მთავარი ჩანაწერი - პიროვნების სახელი
Personal name მიქიანი, ირაკლი
9 (RLIN) 26465
245 ## - ცნობა სათაურის შესახებ
Title კულტურული მემკვიდრეობის ისტორიული ძეგლები ოკუპირებულ აფხაზეთში :
Remainder of title (მოსწავლეთა ეროვნული კონფერენციის მასალები) /
Statement of responsibility, etc შემდგენელ-რედაქტორები: ირაკლი მიქიანი, ლევან ჟვანია; მთ. რედაქტორი გურამ ლეგაშვილი; საქართველოს პარლამენტის ეროვნული ბიბლიოთეკა.
264 ## - წარმოების, გამოცემის, დისტრიბუციის და სხვა ცნობები
გამოცემის, წარმოების, დისტრიბუციის... ადგილი თბილისი :
გამოცემის, წარმოების, დისტრიბუციის... სახელწოდება საქართველოს პარლამენტის ეროვნული ბიბლიოთეკა,
გამოცემის, წარმოების, დისტრიბუციის... თარიღი 2023.
300 ## - ფიზიკური აღწერა
Extent 84 გვ. :
Other physical details ილ. ;
Dimensions 21 სმ.
504 ## - BIBLIOGRAPHY, ETC. NOTE
Bibliography, etc ბიბლიოგრაფია სტატიების ბოლოს.
653 ## - INDEX TERM--UNCONTROLLED
Uncontrolled term ეკლესია-მონასტრები აფხაზეთში
700 ## - ADDED ENTRY--PERSONAL NAME
Personal name კიკოლაშვილი, ქეთი
Relator term ავტორი
9 (RLIN) 26466
700 ## - ADDED ENTRY--PERSONAL NAME
Personal name ქუხილავა, თიკო
Relator term ავტორი
9 (RLIN) 26467
700 ## - ADDED ENTRY--PERSONAL NAME
Personal name ჯაფარიძე, ლიზი
Relator term ავტორი
9 (RLIN) 26468
700 ## - ADDED ENTRY--PERSONAL NAME
Personal name მარკოზია, ნანო
Relator term ავტორი
9 (RLIN) 26469
700 ## - ADDED ENTRY--PERSONAL NAME
Personal name ბენდელიანი, ანანო და სხვ.
Relator term ავტორი
9 (RLIN) 26470
700 ## - ADDED ENTRY--PERSONAL NAME
Personal name ჟვანია, ლევან, შემდგენელი
Relator term რედაქტორი
9 (RLIN) 26471
700 ## - ADDED ENTRY--PERSONAL NAME
Personal name ლეგაშვილი, გურამ
Relator term მთ. რედაქტორი
9 (RLIN) 26472
700 ## - ADDED ENTRY--PERSONAL NAME
Personal name საქართველოს პარლამენტის ეროვნული ბიბლიოთეკა
9 (RLIN) 26473
942 ## - ADDED ENTRY ELEMENTS (KOHA)
Source of classification or shelving scheme
Koha item type წიგნი
ეგზემპლარები
ჩამოწერის სტატუსი დაკარგული ეგზემპლარის სტატუსი კლასიფიკაციის წყარო ან თაროზე გაწყობის სქემა დაზიანების სტატუსი არ გაიცემა მუდმივი მდებარეობა (დაცვის ადგილი) ამჟამინდელი ადგილსამყოფელი თაროზე განთავსების ადგილი შეძენის თარიღი ღირებულება, შესყიდვის ნორმალური ფასი სრული შენახვის შიფრი შტრიხკოდი ბოლო ოპერაციის თარიღი ეგზემპლარის მიმდევრობითი ნომერი (კეტერი?) Uniform Resource Identifier ფასის ძალაში შესვლის თარიღი ეგზემპლარის სახეობა საჯარო შენიშვნა
          ბათუმის შოთა რუსთაველის სახელმწიფო უნივერსიტეტის მთავარი ბიბლიოთეკა ბათუმის შოთა რუსთაველის სახელმწიფო უნივერსიტეტის მთავარი ბიბლიოთეკა წიგნსაცავი 2025-12-11 5.00 726.5(479.224) მ-74 73265 2025-12-11 73265 საჩუქარი საქართველოს ეროვნული ბიბლიოთეკისაგან 2025-12-11 წიგნი 5 ლ.